[Event "U12 Polish Youth Championship"]
[Site "chess24.com"]
[Date "2018.05.03"]
[Round "6"]
[White "Madajczak, Piotr"]
[Black "Pazdzierz, Piotr"]
[Result "1-0"]
[Board "12"]
[WhiteElo "1618"]
[WhiteCountry "POL"]
[WhiteFideId "21835934"]
[WhiteEloChange "5"]
[BlackElo "1440"]
[BlackCountry "POL"]
[BlackFideId "21810419"]
[BlackEloChange "-5"]

1. e4 {[%clk 1:30:58]} c5 {[%clk 1:30:53]} 2. Nf3 {[%clk 1:31:21]} d6 {[%clk
1:31:15]} 3. d4 {[%clk 1:31:44]} cxd4 {[%clk 1:31:42]} 4. Nxd4 {[%clk 1:32:08]}
Nf6 {[%clk 1:31:51]} 5. Nc3 {[%clk 1:32:32]} g6 {[%clk 1:32:13]} 6. Be3 {[%clk
1:32:42]} Bg7 {[%clk 1:32:34]} 7. f3 {[%clk 1:32:56]} O-O {[%clk 1:32:57]} 8. Qd2
{[%clk 1:33:20]} Nc6 {[%clk 1:33:14]} 9. O-O-O {[%clk 1:33:39]} d5 {[%clk
1:29:45]} 10. exd5 {[%clk 1:19:30]} Nxd5 {[%clk 1:29:35]} 11. Nxd5 {[%clk
1:19:13]} Qxd5 {[%clk 1:27:46]} 12. Nxc6 {[%clk 1:15:04]} Qxc6 {[%clk 0:41:06]}
13. Bh6 {[%clk 1:11:39]} Bf5 {[%clk 0:28:19]} 14. Bxg7 {[%clk 1:10:00]} Kxg7
{[%clk 0:28:34]} 15. Bd3 {[%clk 1:10:03]} Rfd8 {[%clk 0:25:28]} 16. Qe2 {[%clk
1:07:00]} Qe6 {[%clk 0:21:40]} 17. Qxe6 {[%clk 1:05:14]} Bxe6 {[%clk 0:21:44]}
18. b3 {[%clk 1:05:05]} Rd7 {[%clk 0:20:56]} 19. Be4 {[%clk 1:03:17]} Rc7 {[%clk
0:20:43]} 20. Rd2 {[%clk 1:02:36]} Rac8 {[%clk 0:19:50]} 21. Kb2 {[%clk 1:01:18]}
f5 {[%clk 0:16:06]} 22. Bd3 {[%clk 1:01:38]} Kf6 {[%clk 0:15:52]} 23. Re1 {[%clk
1:00:00]} Bf7 {[%clk 0:11:55]} 24. Rde2 {[%clk 0:58:13]} a6 {[%clk 0:11:14]} 25.
h3 {[%clk 0:56:20]} Re8 {[%clk 0:10:04]} 26. Re5 {[%clk 0:54:03]} Rc6 {[%clk
0:08:39]} 27. g4 {[%clk 0:53:32]} fxg4 {[%clk 0:05:43]} 28. hxg4 {[%clk 0:53:51]}
e6 {[%clk 0:04:33]} 29. f4 {[%clk 0:52:31]} Rec8 {[%clk 0:03:01]} 30. R1e2 {[%clk
0:47:14]} Rc5 {[%clk 0:02:22]} 31. Be4 {[%clk 0:43:04]} R5c7 {[%clk 0:02:17]} 32.
Bg2 {[%clk 0:43:07]} Re7 {[%clk 0:01:45]} 33. f5 {[%clk 0:39:12]} g5 {[%clk
0:01:26]} 34. fxe6 {[%clk 0:39:22]} Bxe6 {[%clk 0:01:40]} 35. Bxb7 {[%clk
0:37:46]} Rcc7 {[%clk 0:01:33]} 36. Bf3 {[%clk 0:37:19]} h6 {[%clk 0:01:05]} 37.
c4 {[%clk 0:36:14]} Bc8 {[%clk 0:00:40]} 38. Rxe7 {[%clk 0:36:24]} Rxe7 {[%clk
0:01:05]} 39. Rxe7 {[%clk 0:36:50]} Kxe7 {[%clk 0:01:30]} 40. Kc3 {[%clk
0:37:16]} Kf6 {[%clk 0:00:55]} 41. Kd4 {[%clk 0:37:39]} h5 {[%clk 0:01:10]} 42.
gxh5 {[%clk 0:37:57]} g4 {[%clk 0:01:31]} 43. Bxg4 {[%clk 0:33:35]} Bxg4 {[%clk
0:01:43]} 44. Kc5 {[%clk 0:34:02]} Bf5 {[%clk 0:01:30]} 45. b4 {[%clk 0:33:23]}
Kg5 {[%clk 0:00:33]} 46. b5 {[%clk 0:33:32]} axb5 {[%clk 0:00:36]} 47. cxb5
{[%clk 0:33:56]} Kxh5 {[%clk 0:00:32]} 48. b6 {[%clk 0:34:18]} Be4 {[%clk
0:00:34]} 49. a4 {[%clk 0:34:42]} Kg6 {[%clk 0:00:39]} 50. a5 {[%clk 0:35:04]}
Bb7 {[%clk 0:00:31]} 51. Kd6 {[%clk 0:35:27]} Kf6 {[%clk 0:00:40]} 52. Kc7 {[%clk
0:35:52]} Be4 {[%clk 0:00:41]} 53. b7 {[%clk 0:36:13]} Bxb7 {[%clk 0:00:59]} 54.
Kxb7 {[%clk 0:36:38]} 1-0

[Event "U12 Polish Youth Championship"]
[Site "chess24.com"]
[Date "2018.05.03"]
[Round "6"]
[White "Paszkowski, Krystian"]
[Black "Serewa, Antoni"]
[Result "1-0"]
[Board "13"]
[WhiteElo "1563"]
[WhiteCountry "POL"]
[WhiteFideId "21853002"]
[WhiteEloChange "5"]
[BlackElo "1392"]
[BlackCountry "POL"]
[BlackFideId "21837198"]
[BlackEloChange "-5"]

1. c4 {[%clk 1:30:59]} Nf6 {[%clk 1:30:29]} 2. g3 {[%clk 1:31:08]} c6 {[%clk
1:29:37]} 3. Nf3 {[%clk 1:31:29]} d5 {[%clk 1:29:33]} 4. b3 {[%clk 1:31:37]} g6
{[%clk 1:29:03]} 5. Bg2 {[%clk 1:31:09]} Bg7 {[%clk 1:29:06]} 6. Bb2 {[%clk
1:31:15]} O-O {[%clk 1:28:51]} 7. O-O {[%clk 1:30:17]} a6 {[%clk 1:27:47]} 8. Re1
{[%clk 1:17:13]} Bf5 {[%clk 1:23:56]} 9. d3 {[%clk 1:17:15]} Re8 {[%clk 1:21:58]}
10. Nbd2 {[%clk 1:16:01]} Nbd7 {[%clk 1:20:59]} 11. cxd5 {[%clk 1:07:19]} cxd5
{[%clk 1:19:44]} 12. Nd4 {[%clk 1:07:06]} Qb6 {[%clk 1:13:54]} 13. Nxf5 {[%clk
1:03:21]} gxf5 {[%clk 1:11:07]} 14. d4 {[%clk 0:57:35]} Rac8 {[%clk 1:03:59]} 15.
Rc1 {[%clk 0:45:55]} e5 {[%clk 0:43:43]} 16. dxe5 {[%clk 0:43:10]} Ng4 {[%clk
0:41:31]} 17. Rf1 {[%clk 0:30:32]} Ngxe5 {[%clk 0:22:41]} 18. Rxc8 {[%clk
0:21:13]} Rxc8 {[%clk 0:23:03]} 19. Bxe5 {[%clk 0:20:42]} Nxe5 {[%clk 0:22:47]}
20. Bxd5 {[%clk 0:18:07]} Rd8 {[%clk 0:19:36]} 21. Nc4 {[%clk 0:18:25]} Qc5
{[%clk 0:14:55]} 22. Nxe5 {[%clk 0:18:08]} Rxd5 {[%clk 0:14:42]} 23. Nd3 {[%clk
0:18:02]} Qb6 {[%clk 0:10:35]} 24. Qc2 {[%clk 0:17:45]} Rd6 {[%clk 0:09:17]} 25.
Qc8+ {[%clk 0:16:10]} Bf8 {[%clk 0:08:25]} 26. Qxf5 {[%clk 0:15:35]} Rf6 {[%clk
0:08:34]} 27. Qg5+ {[%clk 0:14:39]} Rg6 {[%clk 0:08:26]} 28. Qd2 {[%clk 0:07:14]}
Rd6 {[%clk 0:07:05]} 29. e3 {[%clk 0:06:21]} Qb5 {[%clk 0:05:00]} 30. Rd1 {[%clk
0:06:43]} Qh5 {[%clk 0:04:09]} 31. Kg2 {[%clk 0:04:46]} Qd5+ {[%clk 0:02:41]} 32.
f3 {[%clk 0:02:52]} Bh6 {[%clk 0:02:19]} 33. Qe2 {[%clk 0:03:00]} Qe6 {[%clk
0:02:01]} 34. e4 {[%clk 0:01:30]} Qd7 {[%clk 0:00:35]} 35. Ne5 {[%clk 0:00:47]}
Qc7 {[%clk 0:00:41]} 36. Rxd6 {[%clk 0:01:02]} Qxd6 {[%clk 0:01:05]} 37. Ng4
{[%clk 0:00:45]} Bc1 {[%clk 0:00:41]} 38. Ne3 {[%clk 0:00:36]} Bxe3 {[%clk
0:00:47]} 39. Qxe3 {[%clk 0:01:05]} Qc6 {[%clk 0:00:44]} 40. Qe2 {[%clk 0:01:00]}
b5 {[%clk 0:00:59]} 41. f4 {[%clk 0:01:16]} f5 {[%clk 0:00:52]} 42. Kf3 {[%clk
0:01:04]} fxe4+ {[%clk 0:01:11]} 43. Qxe4 {[%clk 0:01:25]} Qc3+ {[%clk 0:01:17]}
44. Kg4 {[%clk 0:01:22]} Qc8+ {[%clk 0:01:04]} 45. Qf5 {[%clk 0:01:13]} Qc6
{[%clk 0:00:47]} 46. h4 {[%clk 0:00:53]} Qb6 {[%clk 0:00:35]} 47. h5 {[%clk
0:00:56]} Qb7 {[%clk 0:00:52]} 48. h6 {[%clk 0:00:53]} a5 {[%clk 0:00:47]} 49.
Qg5+ {[%clk 0:01:12]} Kf8 {[%clk 0:00:59]} 50. Qg7+ {[%clk 0:01:23]} Qxg7+ {[%clk
0:01:22]} 51. hxg7+ {[%clk 0:01:46]} Kxg7 {[%clk 0:01:48]} 52. Kh5 {[%clk
0:02:08]} a4 {[%clk 0:01:49]} 53. b4 {[%clk 0:01:35]} a3 {[%clk 0:02:06]} 54. g4
{[%clk 0:01:38]} Kg8 {[%clk 0:01:54]} 55. g5 {[%clk 0:01:51]} Kf7 {[%clk
0:01:59]} 56. f5 {[%clk 0:02:14]} Kf8 {[%clk 0:01:48]} 57. Kh6 {[%clk 0:02:18]}
Kg8 {[%clk 0:02:06]} 58. g6 {[%clk 0:02:27]} hxg6 {[%clk 0:02:29]} 59. fxg6
{[%clk 0:02:42]} Kh8 {[%clk 0:02:26]} 60. Kg5 {[%clk 0:02:42]} Kg7 {[%clk
0:02:45]} 1-0

[Event "U12 Polish Youth Championship"]
[Site "chess24.com"]
[Date "2018.05.03"]
[Round "6"]
[White "Nowak, Filip"]
[Black "Wiatrowski, Zbigniew"]
[Result "1-0"]
[Board "14"]
[WhiteElo "1475"]
[WhiteCountry "POL"]
[WhiteFideId "21817030"]
[WhiteEloChange "9"]
[BlackElo "1427"]
[BlackCountry "POL"]
[BlackFideId "21880816"]
[BlackEloChange "-9"]

1. e4 {[%clk 1:30:54]} c5 {[%clk 1:30:55]} 2. Nf3 {[%clk 1:31:08]} e6 {[%clk
1:31:20]} 3. d4 {[%clk 1:31:16]} cxd4 {[%clk 1:31:39]} 4. Nxd4 {[%clk 1:31:38]}
Nf6 {[%clk 1:32:02]} 5. Nc3 {[%clk 1:31:21]} Nc6 {[%clk 1:32:24]} 6. Bg5 {[%clk
1:30:47]} Bb4 {[%clk 1:32:04]} 7. Nxc6 {[%clk 1:29:05]} bxc6 {[%clk 1:32:26]} 8.
Bd3 {[%clk 1:21:17]} h6 {[%clk 1:29:32]} 9. Bh4 {[%clk 1:19:15]} Qa5 {[%clk
1:28:15]} 10. Qd2 {[%clk 1:17:16]} d5 {[%clk 1:25:28]} 11. exd5 {[%clk 1:14:43]}
cxd5 {[%clk 1:24:57]} 12. O-O {[%clk 1:13:34]} Bd7 {[%clk 1:09:48]} 13. Rab1
{[%clk 0:59:50]} d4 {[%clk 1:03:46]} 14. a3 {[%clk 0:58:52]} Bxc3 {[%clk
1:02:20]} 15. bxc3 {[%clk 0:58:27]} dxc3 {[%clk 1:01:44]} 16. Qf4 {[%clk
0:57:57]} Nd5 {[%clk 0:58:07]} 17. Qb8+ {[%clk 0:53:25]} Rxb8 {[%clk 0:49:58]}
18. Rxb8+ {[%clk 0:53:53]} Bc8 {[%clk 0:49:21]} 19. Rxc8+ {[%clk 0:54:21]} Kd7
{[%clk 0:49:45]} 20. Rxh8 {[%clk 0:54:45]} f5 {[%clk 0:48:20]} 21. Rh7 {[%clk
0:51:36]} Qxa3 {[%clk 0:45:22]} 22. Rxg7+ {[%clk 0:51:58]} Kc6 {[%clk 0:43:59]}
23. Rb1 {[%clk 0:50:48]} Qa2 {[%clk 0:40:51]} 24. Re1 {[%clk 0:47:47]} Nb4 {[%clk
0:38:02]} 25. Bg3 {[%clk 0:43:38]} Nxd3 {[%clk 0:31:24]} 26. cxd3 {[%clk
0:43:42]} Qd2 {[%clk 0:31:10]} 27. Rc7+ {[%clk 0:43:38]} Kb6 {[%clk 0:26:58]} 28.
Rxe6+ {[%clk 0:43:42]} Kb5 {[%clk 0:26:14]} 29. h3 {[%clk 0:43:22]} f4 {[%clk
0:26:09]} 30. Bh4 {[%clk 0:43:21]} Qd1+ {[%clk 0:20:18]} 31. Kh2 {[%clk 0:43:45]}
Qh5 {[%clk 0:20:33]} 32. Bf6 {[%clk 0:41:28]} Qd1 {[%clk 0:19:16]} 33. Rxc3
{[%clk 0:39:58]} Qd2 {[%clk 0:18:43]} 34. Re5+ {[%clk 0:37:18]} Kb6 {[%clk
0:18:00]} 35. Rb3+ {[%clk 0:37:02]} Kc6 {[%clk 0:18:09]} 36. Bh4 {[%clk 0:36:09]}
a5 {[%clk 0:17:37]} 37. Re4 {[%clk 0:35:40]} h5 {[%clk 0:16:45]} 38. Ra4 {[%clk
0:35:52]} Kc5 {[%clk 0:15:29]} 39. Rba3 {[%clk 0:36:05]} Kb5 {[%clk 0:15:10]} 40.
Rxa5+ {[%clk 0:36:29]} Kc6 {[%clk 0:15:07]} 41. Rxh5 {[%clk 0:36:00]} Qb2 {[%clk
0:15:17]} 42. Ra6+ {[%clk 0:36:14]} Kb7 {[%clk 0:15:16]} 43. Rg6 {[%clk 0:36:00]}
Qa2 {[%clk 0:15:05]} 44. Rh7+ {[%clk 0:35:49]} Kc8 {[%clk 0:15:21]} 45. Rgg7
{[%clk 0:35:57]} f3 {[%clk 0:14:22]} 46. Rh8+ {[%clk 0:35:27]} 1-0

[Event "U12 Polish Youth Championship"]
[Site "chess24.com"]
[Date "2018.05.03"]
[Round "6"]
[White "Bancarewicz, Aleks"]
[Black "Czernecki, Andrzej"]
[Result "1-0"]
[Board "15"]
[WhiteElo "1708"]
[WhiteCountry "POL"]
[WhiteFideId "21838550"]
[WhiteEloChange "3"]
[BlackElo "1418"]
[BlackCountry "POL"]
[BlackFideId "21810117"]
[BlackEloChange "-3"]

1. d4 {[%clk 1:29:11]} Nf6 {[%clk 1:30:56]} 2. c4 {[%clk 1:29:29]} e5 {[%clk
1:31:20]} 3. dxe5 {[%clk 1:29:32]} Ng4 {[%clk 1:31:42]} 4. Nf3 {[%clk 1:28:21]}
Bc5 {[%clk 1:32:05]} 5. e3 {[%clk 1:27:06]} Nc6 {[%clk 1:32:10]} 6. Nc3 {[%clk
1:25:45]} Ngxe5 {[%clk 1:32:11]} 7. Nxe5 {[%clk 1:23:55]} Nxe5 {[%clk 1:32:35]}
8. Be2 {[%clk 1:23:47]} O-O {[%clk 1:32:46]} 9. O-O {[%clk 1:24:05]} d6 {[%clk
1:33:05]} 10. Qc2 {[%clk 1:20:09]} Be6 {[%clk 1:26:58]} 11. b3 {[%clk 1:18:25]}
Qh4 {[%clk 1:20:33]} 12. Qe4 {[%clk 1:05:56]} Qxe4 {[%clk 1:18:26]} 13. Nxe4
{[%clk 1:05:27]} Bb4 {[%clk 1:15:34]} 14. Bb2 {[%clk 1:01:14]} Bf5 {[%clk
1:09:57]} 15. Ng3 {[%clk 0:53:52]} Bg6 {[%clk 1:04:29]} 16. a3 {[%clk 0:51:30]}
Ba5 {[%clk 0:56:26]} 17. Bxe5 {[%clk 0:45:45]} dxe5 {[%clk 0:56:25]} 18. b4
{[%clk 0:45:55]} Bb6 {[%clk 0:56:44]} 19. c5 {[%clk 0:46:21]} Rfd8 {[%clk
0:56:58]} 20. cxb6 {[%clk 0:45:01]} axb6 {[%clk 0:57:21]} 21. Rfd1 {[%clk
0:45:09]} Bc2 {[%clk 0:57:18]} 22. Rxd8+ {[%clk 0:44:41]} Rxd8 {[%clk 0:57:39]}
23. Rc1 {[%clk 0:44:56]} Ba4 {[%clk 0:58:04]} 24. Rxc7 {[%clk 0:42:27]} Bc6
{[%clk 0:58:15]} 25. h3 {[%clk 0:40:23]} g6 {[%clk 0:58:31]} 26. b5 {[%clk
0:39:50]} Bd5 {[%clk 0:58:49]} 27. e4 {[%clk 0:39:56]} 1-0

[Event "U12 Polish Youth Championship"]
[Site "chess24.com"]
[Date "2018.05.03"]
[Round "6"]
[White "Kycia, Marek"]
[Black "Wilk, Igor"]
[Result "0-1"]
[Board "16"]
[WhiteElo "1460"]
[WhiteCountry "POL"]
[WhiteFideId "21863580"]
[WhiteEloChange "-7"]
[BlackElo "1558"]
[BlackCountry "POL"]
[BlackFideId "21831580"]
[BlackEloChange "7"]

1. e4 {[%clk 1:30:30]} e6 {[%clk 1:30:43]} 2. d4 {[%clk 1:30:54]} d5 {[%clk
1:30:48]} 3. Nc3 {[%clk 1:31:09]} Bb4 {[%clk 1:31:02]} 4. e5 {[%clk 1:31:13]} c5
{[%clk 1:31:11]} 5. a3 {[%clk 1:31:38]} Bxc3+ {[%clk 1:31:16]} 6. bxc3 {[%clk
1:32:03]} Ne7 {[%clk 1:31:04]} 7. h4 {[%clk 1:32:12]} Qc7 {[%clk 1:29:30]} 8. h5
{[%clk 1:31:35]} cxd4 {[%clk 1:26:29]} 9. cxd4 {[%clk 1:31:44]} h6 {[%clk
1:22:55]} 10. Nf3 {[%clk 1:31:43]} Nbc6 {[%clk 1:22:12]} 11. Bd3 {[%clk 1:30:14]}
Bd7 {[%clk 1:19:09]} 12. Rb1 {[%clk 1:26:22]} Nxd4 {[%clk 1:10:22]} 13. Bb2
{[%clk 1:20:53]} Nb5 {[%clk 1:03:02]} 14. O-O {[%clk 1:18:35]} a6 {[%clk
0:58:24]} 15. Rc1 {[%clk 1:15:10]} Nc3 {[%clk 0:51:02]} 16. Qe1 {[%clk 1:14:37]}
Rc8 {[%clk 0:49:00]} 17. Nd4 {[%clk 1:13:16]} b5 {[%clk 0:43:03]} 18. Ne2 {[%clk
1:11:56]} Nxe2+ {[%clk 0:34:19]} 19. Qxe2 {[%clk 1:12:16]} O-O {[%clk 0:31:49]}
20. a4 {[%clk 1:09:31]} Rfe8 {[%clk 0:28:23]} 21. Ra1 {[%clk 1:06:52]} bxa4
{[%clk 0:27:07]} 22. Qg4 {[%clk 1:03:40]} Bb5 {[%clk 0:25:03]} 23. Rfe1 {[%clk
1:01:42]} Bxd3 {[%clk 0:23:31]} 24. cxd3 {[%clk 0:59:44]} Nf5 {[%clk 0:22:37]}
25. Qf4 {[%clk 0:57:30]} Qb6 {[%clk 0:20:49]} 26. g4 {[%clk 0:54:08]} Qxb2 {[%clk
0:18:01]} 27. gxf5 {[%clk 0:54:00]} exf5 {[%clk 0:17:39]} 28. Qxf5 {[%clk
0:53:00]} Qd2 {[%clk 0:15:28]} 29. Re3 {[%clk 0:45:40]} Rc1+ {[%clk 0:15:13]} 30.
Rxc1 {[%clk 0:46:04]} Qxc1+ {[%clk 0:15:38]} 31. Kh2 {[%clk 0:45:25]} Qc8 {[%clk
0:14:59]} 32. Qf4 {[%clk 0:39:05]} Qd7 {[%clk 0:12:07]} 33. Rg3 {[%clk 0:36:38]}
Kh7 {[%clk 0:11:39]} 34. d4 {[%clk 0:35:00]} Rc8 {[%clk 0:10:37]} 35. Qf3 {[%clk
0:23:40]} Rb8 {[%clk 0:08:52]} 36. Qg2 {[%clk 0:23:26]} Qf5 {[%clk 0:07:39]} 37.
Rxg7+ {[%clk 0:21:37]} Kh8 {[%clk 0:08:03]} 38. Rg3 {[%clk 0:21:11]} Qxh5+ {[%clk
0:07:39]} 39. Rh3 {[%clk 0:21:20]} Qg6 {[%clk 0:07:53]} 40. Qxd5 {[%clk 0:19:24]}
Rb1 {[%clk 0:07:11]} 41. Rg3 {[%clk 0:18:03]} Qh5+ {[%clk 0:07:08]} 42. Rh3
{[%clk 0:17:50]} Qg6 {[%clk 0:06:27]} 43. Qf3 {[%clk 0:16:15]} Qg1# {[%clk
0:06:36]} 0-1

[Event "U12 Polish Youth Championship"]
[Site "chess24.com"]
[Date "2018.05.03"]
[Round "6"]
[White "Malinowski, Szymon"]
[Black "Dembicki, Karol"]
[Result "0-1"]
[Board "17"]
[WhiteElo "1549"]
[WhiteCountry "POL"]
[WhiteFideId "21832757"]
[WhiteEloChange "-15"]
[BlackElo "1370"]
[BlackCountry "POL"]
[BlackFideId "21809747"]
[BlackEloChange "15"]

1. d4 {[%clk 1:30:36]} d5 {[%clk 1:30:49]} 2. Nf3 {[%clk 1:30:49]} c6 {[%clk
1:31:08]} 3. e3 {[%clk 1:30:44]} Nf6 {[%clk 1:31:12]} 4. Bd3 {[%clk 1:31:01]} Bg4
{[%clk 1:30:21]} 5. Nbd2 {[%clk 1:30:40]} Nbd7 {[%clk 1:27:21]} 6. h3 {[%clk
1:30:55]} Bh5 {[%clk 1:26:55]} 7. c4 {[%clk 1:31:01]} e6 {[%clk 1:26:51]} 8. b3
{[%clk 1:31:21]} Bd6 {[%clk 1:26:19]} 9. Bb2 {[%clk 1:31:40]} O-O {[%clk
1:26:30]} 10. O-O {[%clk 1:31:41]} e5 {[%clk 1:21:03]} 11. dxe5 {[%clk 1:30:11]}
Bxe5 {[%clk 1:19:15]} 12. Qc2 {[%clk 1:29:53]} Re8 {[%clk 1:13:31]} 13. Rac1
{[%clk 1:21:10]} dxc4 {[%clk 1:10:44]} 14. Nxc4 {[%clk 1:17:04]} Bxb2 {[%clk
1:07:46]} 15. Qxb2 {[%clk 1:15:29]} Bxf3 {[%clk 1:05:57]} 16. gxf3 {[%clk
1:15:51]} Nd5 {[%clk 1:02:17]} 17. f4 {[%clk 1:15:06]} Re6 {[%clk 0:56:32]} 18.
Kh2 {[%clk 1:14:03]} Nc5 {[%clk 0:46:24]} 19. Rg1 {[%clk 1:06:54]} g6 {[%clk
0:43:48]} 20. Bb1 {[%clk 1:03:09]} Nb4 {[%clk 0:42:51]} 21. Rcd1 {[%clk 1:00:11]}
Qc7 {[%clk 0:42:12]} 22. Qd4 {[%clk 0:50:27]} b6 {[%clk 0:38:50]} 23. Ne5 {[%clk
0:45:07]} Nd5 {[%clk 0:37:30]} 24. h4 {[%clk 0:24:30]} Kf8 {[%clk 0:26:27]} 25.
Ng4 {[%clk 0:18:13]} Ke7 {[%clk 0:21:48]} 26. Kh3 {[%clk 0:16:08]} h5 {[%clk
0:20:29]} 27. Ne5 {[%clk 0:14:36]} Rd8 {[%clk 0:18:13]} 28. Qc4 {[%clk 0:11:23]}
Qc8 {[%clk 0:17:20]} 29. Kh2 {[%clk 0:11:26]} Qc7 {[%clk 0:14:07]} 30. Be4 {[%clk
0:05:17]} Rxe5 {[%clk 0:12:53]} 31. fxe5 {[%clk 0:04:07]} Qxe5+ {[%clk 0:13:06]}
32. Rg3 {[%clk 0:04:10]} Qxe4 {[%clk 0:12:54]} 33. Rd4 {[%clk 0:04:16]} Qe5
{[%clk 0:11:06]} 34. b4 {[%clk 0:01:49]} Ne6 {[%clk 0:10:38]} 35. Re4 {[%clk
0:01:34]} Qc3 {[%clk 0:10:07]} 36. Qa6 {[%clk 0:01:09]} Rd7 {[%clk 0:06:29]} 37.
Qe2 {[%clk 0:00:35]} Nf6 {[%clk 0:06:16]} 38. Rc4 {[%clk 0:00:41]} Qe5 {[%clk
0:04:52]} 39. Qc2 {[%clk 0:00:38]} b5 {[%clk 0:03:32]} 40. Rxc6 {[%clk 0:00:36]}
Ng4+ {[%clk 0:02:41]} 41. Kh3 {[%clk 0:00:38]} Qd5 {[%clk 0:02:29]} 42. f3 {[%clk
0:00:35]} Nxe3 {[%clk 0:02:40]} 43. Qc1 {[%clk 0:00:41]} Nf4+ {[%clk 0:02:25]}
44. Kh2 {[%clk 0:01:02]} Qxa2+ {[%clk 0:02:44]} 45. Kh1 {[%clk 0:01:01]} Rd1+
{[%clk 0:02:55]} 46. Rg1 {[%clk 0:01:09]} Qg2# {[%clk 0:03:12]} 0-1

[Event "U12 Polish Youth Championship"]
[Site "chess24.com"]
[Date "2018.05.03"]
[Round "6"]
[White "Pancewicz, Szymon"]
[Black "Demski, Michal"]
[Result "1/2-1/2"]
[Board "18"]
[WhiteElo "1337"]
[WhiteCountry "POL"]
[WhiteFideId "21852995"]
[WhiteEloChange "5"]
[BlackElo "1538"]
[BlackCountry "POL"]
[BlackFideId "21835780"]
[BlackEloChange "-5"]

1. e4 {[%clk 1:30:55]} e5 {[%clk 1:30:45]} 2. Nf3 {[%clk 1:31:18]} Nc6 {[%clk
1:30:33]} 3. Bc4 {[%clk 1:31:40]} Bc5 {[%clk 1:30:21]} 4. c3 {[%clk 1:32:02]} Nf6
{[%clk 1:30:20]} 5. d4 {[%clk 1:32:17]} exd4 {[%clk 1:30:18]} 6. e5 {[%clk
1:32:36]} d5 {[%clk 1:30:05]} 7. Bb5 {[%clk 1:32:58]} Ne4 {[%clk 1:30:15]} 8.
cxd4 {[%clk 1:33:07]} Bb6 {[%clk 1:30:22]} 9. Nc3 {[%clk 1:32:30]} O-O {[%clk
1:27:42]} 10. O-O {[%clk 1:29:50]} Bg4 {[%clk 1:25:36]} 11. Bxc6 {[%clk 1:28:15]}
bxc6 {[%clk 1:25:40]} 12. Be3 {[%clk 1:26:37]} f6 {[%clk 1:23:46]} 13. Nxe4
{[%clk 1:05:25]} dxe4 {[%clk 1:23:42]} 14. Qb3+ {[%clk 1:05:31]} Kh8 {[%clk
1:23:12]} 15. Nd2 {[%clk 1:03:15]} Bxd4 {[%clk 1:20:35]} 16. exf6 {[%clk
0:58:21]} Bxf6 {[%clk 1:17:24]} 17. Nxe4 {[%clk 0:55:20]} Bf5 {[%clk 1:10:27]}
18. Nxf6 {[%clk 0:53:32]} Qxf6 {[%clk 1:10:26]} 19. Rfd1 {[%clk 0:49:32]} Qg6
{[%clk 1:08:54]} 20. Rd2 {[%clk 0:38:48]} Be4 {[%clk 1:07:28]} 21. f4 {[%clk
0:34:40]} Rab8 {[%clk 1:02:23]} 22. Qc3 {[%clk 0:31:02]} Rbd8 {[%clk 1:01:20]}
23. Qa5 {[%clk 0:20:09]} Rd5 {[%clk 0:56:22]} 24. Qb4 {[%clk 0:15:42]} Rfd8
{[%clk 0:55:18]} 25. f5 {[%clk 0:12:10]} Bxf5 {[%clk 0:51:54]} 26. Rxd5 {[%clk
0:11:46]} cxd5 {[%clk 0:52:13]} 27. Rf1 {[%clk 0:11:58]} h6 {[%clk 0:50:41]} 28.
Bf4 {[%clk 0:08:58]} Be4 {[%clk 0:48:09]} 29. Bg3 {[%clk 0:09:00]} Qb6+ {[%clk
0:47:35]} 30. Qxb6 {[%clk 0:07:56]} cxb6 {[%clk 0:47:07]} 31. Be5 {[%clk
0:06:16]} Rd7 {[%clk 0:46:42]} 32. Bd4 {[%clk 0:05:26]} Kg8 {[%clk 0:46:40]} 33.
Rf4 {[%clk 0:04:44]} Rc7 {[%clk 0:44:22]} 34. Bc3 {[%clk 0:04:55]} Re7 {[%clk
0:43:55]} 35. Kf2 {[%clk 0:04:51]} Bd3 {[%clk 0:42:40]} 36. Rg4 {[%clk 0:03:05]}
Be4 {[%clk 0:40:27]} 37. h4 {[%clk 0:02:42]} g6 {[%clk 0:39:38]} 38. g3 {[%clk
0:02:03]} b5 {[%clk 0:36:56]} 39. a3 {[%clk 0:02:29]} h5 {[%clk 0:36:53]} 40. Rf4
{[%clk 0:02:38]} Bd3 {[%clk 0:36:31]} 41. Rf6 {[%clk 0:02:30]} Bf5 {[%clk
0:30:46]} 42. Rd6 {[%clk 0:02:29]} Be4 {[%clk 0:29:53]} 43. Bd4 {[%clk 0:02:24]}
Rc7 {[%clk 0:28:13]} 44. Bc3 {[%clk 0:02:44]} Kf7 {[%clk 0:28:31]} 45. Ke3 {[%clk
0:02:52]} 1/2-1/2

[Event "U12 Polish Youth Championship"]
[Site "chess24.com"]
[Date "2018.05.03"]
[Round "6"]
[White "Kozlowski, Michal"]
[Black "Jedraszek, Pawel"]
[Result "0-1"]
[Board "19"]
[WhiteElo "1327"]
[WhiteCountry "POL"]
[WhiteFideId "21812144"]
[WhiteEloChange "-5"]
[BlackElo "1514"]
[BlackCountry "POL"]
[BlackFideId "21833710"]
[BlackEloChange "5"]

1. e4 {[%clk 1:30:58]} c5 {[%clk 1:30:54]} 2. Nf3 {[%clk 1:31:11]} d6 {[%clk
1:31:18]} 3. d4 {[%clk 1:30:51]} cxd4 {[%clk 1:31:41]} 4. Nxd4 {[%clk 1:31:14]}
Nf6 {[%clk 1:32:05]} 5. Nc3 {[%clk 1:31:33]} a6 {[%clk 1:32:26]} 6. Be2 {[%clk
1:31:32]} e5 {[%clk 1:32:43]} 7. Nb3 {[%clk 1:30:49]} Be6 {[%clk 1:32:42]} 8. O-O
{[%clk 1:20:16]} Be7 {[%clk 1:32:50]} 9. Be3 {[%clk 1:18:20]} O-O {[%clk
1:32:42]} 10. Na4 {[%clk 1:02:50]} Nbd7 {[%clk 1:32:24]} 11. Nc3 {[%clk 1:00:19]}
b5 {[%clk 1:32:22]} 12. f3 {[%clk 0:58:14]} Qc7 {[%clk 1:31:55]} 13. Qd2 {[%clk
0:54:04]} Nb6 {[%clk 1:30:06]} 14. Rfd1 {[%clk 0:53:25]} Rfd8 {[%clk 1:29:16]}
15. Qe1 {[%clk 0:53:32]} d5 {[%clk 1:23:44]} 16. exd5 {[%clk 0:51:37]} Nbxd5
{[%clk 1:23:42]} 17. Nxd5 {[%clk 0:51:42]} Nxd5 {[%clk 1:23:59]} 18. Bd3 {[%clk
0:50:59]} Nxe3 {[%clk 1:23:51]} 19. Qxe3 {[%clk 0:51:20]} Bxb3 {[%clk 1:23:12]}
20. Bxh7+ {[%clk 0:50:47]} Kxh7 {[%clk 1:23:30]} 21. Qxb3 {[%clk 0:51:03]} Qc4
{[%clk 1:23:07]} 22. Qxc4 {[%clk 0:51:11]} bxc4 {[%clk 1:23:29]} 23. b3 {[%clk
0:51:23]} c3 {[%clk 1:19:54]} 24. Kf1 {[%clk 0:51:04]} Rd2 {[%clk 1:03:21]} 25.
Rxd2 {[%clk 0:50:02]} cxd2 {[%clk 1:03:44]} 26. Ke2 {[%clk 0:50:27]} Bb4 {[%clk
1:03:33]} 27. a3 {[%clk 0:49:08]} Bc3 {[%clk 1:03:52]} 28. Rd1 {[%clk 0:49:27]}
Rd8 {[%clk 1:04:06]} 29. a4 {[%clk 0:49:02]} Kg6 {[%clk 1:03:57]} 30. h3 {[%clk
0:46:30]} Kf6 {[%clk 1:03:02]} 31. h4 {[%clk 0:38:39]} e4 {[%clk 0:56:14]} 32. f4
{[%clk 0:37:23]} Kf5 {[%clk 0:52:50]} 33. g3 {[%clk 0:37:46]} Kg4 {[%clk
0:52:59]} 34. Kf2 {[%clk 0:38:07]} e3+ {[%clk 0:52:45]} 35. Ke2 {[%clk 0:38:12]}
Kxg3 {[%clk 0:52:55]} 36. h5 {[%clk 0:38:23]} Kxf4 {[%clk 0:53:11]} 0-1